|
|
|
|
| LEADER |
01099nam a2200277 a 4500 |
| 001 |
1593626 |
| 008 |
931126s1993 ii b 000 0 eng d |
| 010 |
|
|
|a 93907774
|
| 020 |
|
|
|a 8120408241 :
|c Rs135.00
|
| 040 |
|
|
|a DLC
|c DLC
|d DLC
|
| 082 |
0 |
0 |
|a 332.70954
|2 21
|
| 100 |
1 |
|
|a Desai, B. M.
|q (Bhupat Maganlal),
|d 1938-
|
| 245 |
1 |
0 |
|a Rural financial institutions, promotion and performance /
|c Bhupat M. Desai, N.V. Namboodiri.
|
| 260 |
|
|
|a New Delhi :
|b Oxford & IBH Pub. Co.,
|c c1993.
|
| 300 |
|
|
|a xiii, 78 p. ;
|c 23 cm.
|
| 490 |
|
0 |
|a CMA monograph ;
|v 161
|
| 504 |
|
|
|a Includes bibliographical references.
|
| 541 |
1 |
|
|e 00011220
|
| 610 |
2 |
0 |
|a Anad Farmers' Cooperative Bank.
|
| 610 |
2 |
0 |
|a Aruvikara Farmers' Cooperative Bank.
|
| 650 |
|
0 |
|a Rural credit
|z India
|z Kerala
|x Case studies.
|
| 700 |
1 |
|
|a Namboodiri, N. V.
|
| 710 |
2 |
|
|a Indian Institute of Management, Ahmedabad.
|
| 852 |
4 |
|
|a Ayesha Abed Library
|j General shelf
|
| 999 |
|
|
|c 7331
|d 7331
|
| 952 |
|
|
|0 0
|1 0
|2 ddc
|4 0
|6 332_709540000000000_DES_1993
|7 0
|9 7804
|a BRACUL
|b BRACUL
|c GEN
|d 2010-02-04
|l 0
|o 332.70954 DES
|p 3010011220
|r 2010-02-04
|t 1
|w 2010-02-04
|y BK
|